| 000 | 00000nam 2200000za 4500 |
| 001 | 9.640360 |
| 003 | CaOODSP |
| 005 | 20210624222630 |
| 007 | cr ||||||||||| |
| 008 | 150407|2012||||xxc|||||o f|0| 0 fre d |
| 020 | |a978-1-100-99349-2 |
| 040 | |aCaOODSP|bfre |
| 043 | |an-cn--- |
| 086 | 1 |aCH7-12/2012F-PDF |
| 110 | 1 |aCanada. |bPatrimoine canadien. |
| 245 | 10|aÉvaluation de l'Institut canadien de conservation / |h[ressource électronique]|c[Préparé par le] Bureau du dirigeant principal de la vérification et de l'évaluation. |
| 260 | |aGatineau - Québec : |bPatrimoine canadien |cMars 2012. |
| 300 | |a58p.|btableaux |
| 590 | |a12-44|b2012-11-02 |
| 691 | 07|aProtection du patrimoine|2gcpds |
| 775 | 08|tEvaluation of the Canadian Conservation Institute / |w(CaOODSP)9.696237 |
| 794 | |tÉvaluation de l’Institut canadien de conservation, de 2010-2011 à 2015-2016 |w(CaOODSP)9.845107 |
| 856 | 40|ahttp://publications.gc.ca|qPDF|s901 Ko|uhttps://publications.gc.ca/collections/collection_2012/pc-ch/CH7-12-2012-fra.pdf |